000
00266nam a2200109 a 4500
005
20141022142007.0
008
100913s19uu xx 00 eng d
050
_a
CD-ROM
_b
I1 2003
245
_a
ISE Student edition.
260
_b
Prentice Hall,
_c
2003.
942
_c
AVM
999
_c
276567
_d
276567